<?xml version="1.0" encoding="UTF-8"?>
<record
    xmlns:xsi="http://www.w3.org/2001/XMLSchema-instance"
    xsi:schemaLocation="http://www.loc.gov/MARC21/slim http://www.loc.gov/standards/marcxml/schema/MARC21slim.xsd"
    xmlns="http://www.loc.gov/MARC21/slim">

  <leader>02961nab a2200289uuc4500</leader>
  <controlfield tag="001">1495049</controlfield>
  <controlfield tag="003">OSt</controlfield>
  <controlfield tag="005">20240202130941.0</controlfield>
  <controlfield tag="008">180522e20180105                    spa  </controlfield>
  <datafield tag="035" ind1=" " ind2=" ">
    <subfield code="a">1495049</subfield>
  </datafield>
  <datafield tag="040" ind1=" " ind2=" ">
    <subfield code="c">comduadb</subfield>
  </datafield>
  <datafield tag="041" ind1=" " ind2=" ">
    <subfield code="a">spa</subfield>
  </datafield>
  <datafield tag="100" ind1="1" ind2="0">
    <subfield code="a">Ocampo Chaparro, Jos&#xE9; Mauricio</subfield>
    <subfield code="4">aut</subfield>
    <subfield code="e">aut</subfield>
    <subfield code="9">548783</subfield>
  </datafield>
  <datafield tag="245" ind1="1" ind2="0">
    <subfield code="a">Colesterol total y discapacidad en ancianos hospitalizados: m&#xE1;s all&#xE1; de la enfermedad cardiovascular</subfield>
  </datafield>
  <datafield tag="520" ind1="3" ind2=" ">
    <subfield code="a">Objetivo: determinar si los niveles de colesterol total predicen recuperaci&#xF3;n en actividades b&#xE1;sicas de la vida diaria. M&#xE9;todos: estudio de cohorte prospectiva que incluy&#xF3; 806 pacientes = 60 a&#xF1;os, hospitalizados en la unidad geri&#xE1;trica de agudos entre julio de 2013 y agosto de 2015. El desenlace fue desarrollo de discapacidad evaluada mediante el &#xED;ndice de Barthel = 60 en cuatro momentos: 15 d&#xED;as antes del ingreso, al ingreso, al egreso y 30 d&#xED;as despu&#xE9;s. El colesterol total fue dividido en cuartiles. Se incluyeron variables demogr&#xE1;ficas, sociales y cl&#xED;nicas. Se usaron los modelos de regresi&#xF3;n log&#xED;stica multivariada para predecir discapacidad y mortalidad, junto con el procedimiento Glimmix para an&#xE1;lisis longitudinales y para la predicci&#xF3;n del &#xED;ndice de Barthel total. Resultados: la edad fue 82,3&#xB1;7,2. El 52% eran mujeres. En el an&#xE1;lisis multivariado la discapacidad estuvo asociada con edad = 85 a&#xF1;os, alta comorbilidad, deterioro social, hipoalbuminemia, MMSE&lt;19 y delirium. Los cuartiles m&#xE1;s altos de colesterol total (Q2, Q3, Q4) tuvieron menor riesgo para discapacidad que el cuartil m&#xE1;s bajo (Q1). El an&#xE1;lisis longitudinal mostr&#xF3; disminuci&#xF3;n del &#xED;ndice de Barthel en pacientes con estancia hospitalaria&gt;15 d&#xED;as, hipoalbuminemia, MMSE&lt;19 y delirium. Los cuartiles m&#xE1;s altos de colesterol total alcanzan mayor &#xED;ndice de Barthel a trav&#xE9;s del tiempo en comparaci&#xF3;n con el Q1. La mortalidad estuvo asociada con alta comorbilidad, &#xED;ndice de Barthel = 60 al ingreso y MMSE&lt;19. Los niveles de colesterol total no se asociaron con mortalidad. Conclusiones: el colesterol total en los cuartiles m&#xE1;s altos estuvo asociado con mejor&#xED;a en la recuperaci&#xF3;n de las actividades b&#xE1;sicas de la vida diaria desde 15 d&#xED;as antes del ingreso hospitalario hasta 30 d&#xED;as despu&#xE9;s de alta, comparado con el Q1.</subfield>
  </datafield>
  <datafield tag="650" ind1=" " ind2=" ">
    <subfield code="a">Ancianos hospitalizados</subfield>
    <subfield code="9">211706</subfield>
  </datafield>
  <datafield tag="650" ind1=" " ind2=" ">
    <subfield code="a">Colesterol</subfield>
    <subfield code="9">35053</subfield>
  </datafield>
  <datafield tag="650" ind1=" " ind2=" ">
    <subfield code="a">Ancianos discapacitados</subfield>
    <subfield code="9">203042</subfield>
  </datafield>
  <datafield tag="650" ind1=" " ind2=" ">
    <subfield code="a">Enfermedades cardiovasculares en la vejez</subfield>
    <subfield code="9">53620</subfield>
  </datafield>
  <datafield tag="700" ind1="1" ind2="0">
    <subfield code="a">Reyes Ortiz, Carlos</subfield>
    <subfield code="4">aut</subfield>
    <subfield code="e">aut</subfield>
    <subfield code="9">382929</subfield>
  </datafield>
  <datafield tag="700" ind1="1" ind2="0">
    <subfield code="a">Escand&#xF3;n Gonz&#xE1;lez, Rafael Eduardo</subfield>
    <subfield code="4">aut</subfield>
    <subfield code="e">aut</subfield>
    <subfield code="9">772148</subfield>
  </datafield>
  <datafield tag="700" ind1="1" ind2="0">
    <subfield code="a">Casanova Valderrama, Maria Eugenia</subfield>
    <subfield code="4">aut</subfield>
    <subfield code="e">aut</subfield>
    <subfield code="9">765267</subfield>
  </datafield>
  <datafield tag="700" ind1="1" ind2="0">
    <subfield code="a">Badiel Ocampo, Marisol</subfield>
    <subfield code="4">aut</subfield>
    <subfield code="e">aut</subfield>
    <subfield code="9">765245</subfield>
  </datafield>
  <datafield tag="700" ind1="1" ind2="0">
    <subfield code="a">Urrea Zapata, Juan Karlo</subfield>
    <subfield code="4">aut</subfield>
    <subfield code="e">aut</subfield>
    <subfield code="9">574715</subfield>
  </datafield>
  <datafield tag="773" ind1="0" ind2=" ">
    <subfield code="t">Revista Colombiana de Cardiolog&#xED;a (Bogot&#xE1;)</subfield>
    <subfield code="g">Volumen 25, N&#xFA;mero 01, Enero-Febrero 2018, 33-42</subfield>
    <subfield code="w">442614</subfield>
    <subfield code="x">0120-5633</subfield>
    <subfield code="0">115637</subfield>
  </datafield>
  <datafield tag="942" ind1=" " ind2=" ">
    <subfield code="c">ARIMP</subfield>
    <subfield code="2">ddc</subfield>
  </datafield>
  <datafield tag="999" ind1=" " ind2=" ">
    <subfield code="c">774846</subfield>
    <subfield code="d">774846</subfield>
  </datafield>
</record>
